| 000 | 00843nam a2200217Ia 4500 | ||
|---|---|---|---|
| 001 | 18188 | ||
| 003 | GE_BSU | ||
| 008 | 181216s||||||||xx |||||||||||||| ||und|| | ||
| 040 | _cGE_BSU | ||
| 080 | _a811.353.1 | ||
| 245 | _aთანამედროვე ქართული სალიტერატურო ენის ნორმები. კრ. I. | ||
| 245 | _cრედ.ი.გიგინეიშვილი | ||
| 260 | _aთბილისი | ||
| 260 | _bმეცნიერება | ||
| 260 | _c1970 | ||
| 300 | _a301 გვ.26სმ. | ||
| 300 | _eორთოგრაფიული საძიებელი გვ. 247-298 | ||
| 541 | _h10ლ. | ||
| 653 | _aთანამედროვე ქართული სალიტერატურო ენის ნორმები | ||
| 942 | _cBK | ||
| 999 |
_c51228 _d51228 |
||